Statystyki dla Flagi państw z Union Jack

Kliknij tutaj aby rozwiązać quiz!

Ogólne statystyki

  • Ten quiz został rozwiązany 17 259 razy
  • Średni wynik to 4 z 5

Statystyki odpowiedzi

Odpowiedź% Poprawnych
Australia
98%
Wielka Brytania
98%
Nowa Zelandia
96%
Fidżi
76%
Tuvalu
61%

Rozkład punktacji

Percentyl według liczby udzielonych odpowiedzi

Procent ludzi z każdym wynikiem

Twoja historia wyników

Nie rozwiązałeś tego quizu